Bielefeld Stadtbezirke - Statistiken

Allgemein
  • Dieses Quiz wurde 342 mal gespielt
  • Das Durchschnittsergebnis liegt bei 7 aus 10
Antwortstatistiken
Einwohner Stadtbezirk % Korrekt
80.403 Mitte
87%
21.123 Senne
83%
40.814 Brackwede
80%
22.200 Sennestadt
71%
47.152 Heepen
70%
42.410 Schildesche
67%
23.105 Jöllenbeck
66%
32.292 Stieghorst
66%
19.681 Dornberg
58%
10.239 Gadderbaum
51%
Keine übereinstimmenden Quizze gefunden
Verteilung der Resultate
Anzahl Personen mit jedem Resultat
Perzentil nach korrekt beantworteten Fragen
Ihre Resultats-Entwicklung
Sie haben dieses Quiz noch nicht gespielt